00650 2200169 4500001002100000005001500021035002000036008004100056082001100097090001700108100002800125245007100153260006900224300003100293500012900324650002700453INLIS00000000000073420250722034307 a0010-0521000734250722 | | dut  a929.75 a929.75 LOO r0 aLoon Hendrik Willem Van1 aRembrandt Harmenszoon van Rijn /cPenulis: Hendrik Willem van Loon aZeeland :bA. W. Sijthoff’s Uitgevers Maatschappij N. V,c1931 a777 p. :bill. ;c25.5 cm. aBiografi mengenai Rembrandt van Rijn, seorang pelukis dari Belanda yang juga merupakan salah satu pelukis terbesar di Eropa. 4aPelukis -- BIOGRAPHIES